Guess the DC Villains Quiz - Statistics

General Stats
  • This quiz has been taken 78 times
  • The average score is 20 of 35
Answer Stats
Hint Answer % Correct
Selina Kyle Catwoman
92%
Harley Quinzel Harley Quinn
92%
Harvey Dent Two-Face
92%
Pamela Isley Poison Ivy
85%
Kent Clark Bizarro
83%
Oswald Cobblepot Penguin
83%
Edward Nigma Riddler
83%
Slade Wilson Deathstroke
82%
Alexander Luthor Lex Luthor
82%
Jack White Joker
73%
Jonathan Crane Scarecrow
72%
Basil Karlo Clayface
70%
Teth-Adam Black Adam
65%
Floyd Lawton Deadshot
65%
Waylon Jones Killer Croc
63%
Leonard Snart Captain Cold
62%
Eobard Thawne Reverse Flash
60%
Barbara Minerva Cheetah
57%
Thomas Elliot Hush
52%
Roman Sionis Black Mask
50%
Roberd Langstrom Man-Bat
50%
Jervis Tetch Mad Hatter
48%
Garfield Lynns Firefly
47%
Cyrus Gold Solomon Grundy
43%
Uxas Darkseid
42%
George Harkness Captain Boomerang
37%
David Hyde Black Manta
33%
Vril Dox Brainiac
33%
Ducard Ra's al Ghul
30%
Sinistro Yellow Lantern
30%
Arnold Wesker Ventriloquist
25%
Thomas Blake Catman
23%
Giovanni Giuseppe Trickster
23%
Drury Walker Killer-Moth
22%
Samuel Scudder Mirror Master
20%
No matching quizzes found
Score Distribution
Percent of People with Each Score
Percentile by Number Answered
Your Score History
You have not taken this quiz